Administración para emprendedores (Registro nro. 4683)
[ vista simple ]
| 000 -CABECERA | |
|---|---|
| Longitud fija campo de control | 01153nam a22002897a 4500 |
| 003 - IDENTIFICADOR DELl NÚMERO DE CONTROL | |
| Identificador del número de control | OSt |
| 005 - FECHA Y HORA DE LA ÚLTIMA TRANSACCIÓN | |
| Fecha y hora de la última transacción | 20140825213003.0 |
| 008 - CÓDIGOS DE INFORMACIÓN DE LONGITUD FIJA | |
| Códigos de información de longitud fija | 131127b2008 mex spa |
| 020 ## - NÚMERO INTERNACIONAL NORMALIZADO PARA LIBROS | |
| Número Internacional Normalizado para Libros (ISBN) | 978-970-26-1130-1 |
| 040 ## - FUENTE DE LA CATALOGACIÓN | |
| Centro transcriptor | BMC |
| 082 ## - NÚMERO DE LA CLASIFICACIÓN DECIMAL DEWEY | |
| Númeroo de clasificación | 658.11 |
| 082 ## - NÚMERO DE LA CLASIFICACIÓN DECIMAL DEWEY | |
| Númeroo de clasificación | 658.022 |
| 100 1# - PUNTO DE ACCESO PRINCIPAL-NOMBRE DE PERSONA | |
| 9 (RLIN) | 10209 |
| Nombre de persona | Maximiano, Antonio César Amaru |
| 245 10 - MENCIÓN DE TÍTULO | |
| Título | Administración para emprendedores |
| Resto del título | : fundamentos para la creación y gestión de nuevos negocios |
| Mención de responsabilidad, etc. | Antonio Cesar Amaru Maximiano ; traducción, Jacqueline Leticia Chávez Servín ; casos para la ed. en español, Marcela Banassini Félix, Luis Alberto Rodríguez Medrano ; revisión técnica, Jorge Olmos Arrayales |
| 250 ## - MENCIÓN DE EDICIÓN | |
| Mención de edición | 1ª ed |
| 260 ## - PUBLICACIÓN, DISTRIBUCIÓN, ETC. (PIE DE IMPRENTA) | |
| Lugar de publicación, distribución, etc. | Naucalpan de Juárez (México) [etc.] |
| Nombre del editor, distribuidor, etc. | Pearson Educación |
| Fecha de publicación, distribución, etc. | 2008 |
| 300 ## - DESCRIPCIÓN FÍSICA | |
| Extensión | XI, 241 p. |
| Otras características físicas | il. |
| Dimensiones | 26 cm |
| 500 ## - NOTA GENERAL | |
| Nota general | Índice p. 235-240 |
| 504 ## - NOTA DE BIBLIOGRAFÍA, ETC | |
| Nota de bibliografía, etc. | Bibliografía p. 233 |
| 650 24 - PUNTO DE ACCESO ADICIONAL DE MATERIA - TÉRMINO DE MATERIA | |
| 9 (RLIN) | 6296 |
| Término de materia o nombre geográfico como elemento inicial | Emprendedores |
| 650 24 - PUNTO DE ACCESO ADICIONAL DE MATERIA - TÉRMINO DE MATERIA | |
| 9 (RLIN) | 10208 |
| Término de materia o nombre geográfico como elemento inicial | Nuevas empresas |
| 700 1# - PUNTO DE ACCESO ADICIONAL - NOMBRE DE PERSONA | |
| 9 (RLIN) | 10210 |
| Nombre de persona | Chávez Servín, Jacqueline L. |
| 700 1# - PUNTO DE ACCESO ADICIONAL - NOMBRE DE PERSONA | |
| 9 (RLIN) | 8679 |
| Nombre de persona | Benassini, Claudia |
| 700 1# - PUNTO DE ACCESO ADICIONAL - NOMBRE DE PERSONA | |
| 9 (RLIN) | 10216 |
| Nombre de persona | Rodríguez Medrano, Luis Alberto |
| 700 1# - PUNTO DE ACCESO ADICIONAL - NOMBRE DE PERSONA | |
| 9 (RLIN) | 10217 |
| Nombre de persona | Olmos Arrayales, Jorge |
| 942 ## - ENTRADA DE ELEMENTOS AGREGADOS (KOHA) | |
| Fuente de clasificaión o esquema | Dewey Decimal Classification |
| Koha [por defecto] tipo de item | 1- Monografias |
| Suprimido | Perdido | Fuente de clasificación o esquema | Estropeado | Restricciones de uso | No para préstamo | Código de colección | Localización permanente | Localización actual | Localización en estanter&íacute;as | Fecha adquisición | Fuente de adquisición | Número de inventario | Préstamos totales | Renovaciones totales | Signatura completa | Código de barras | Prestado | Fecha última consulta | Fecha último préstamo | Coste, precio reemplazado | Fecha del precio de reemplazo | Tipo de item de Koha |
|---|---|---|---|---|---|---|---|---|---|---|---|---|---|---|---|---|---|---|---|---|---|---|
| NULL | NULL | Dewey Decimal Classification | NULL | Prestable | NULL | NULL | Biblioteca Miguel de Cervantes - UNICAES | Biblioteca Miguel de Cervantes - UNICAES | Sala Principal | 06/01/2009 | Donación - Facultad de Ciencias Empresariales | 008049 | 7 | 4 | 658.11 MAX adm | 1008049 | 26/02/2024 | 29/01/2024 | 29/01/2024 | 11.94 | 28/11/2013 | 1- Monografias |
| NULL | NULL | Dewey Decimal Classification | NULL | Prestable | NULL | NULL | Biblioteca Miguel de Cervantes - UNICAES | Biblioteca Miguel de Cervantes - UNICAES | Sala Principal | 28/07/2012 | Donación - Facultad de Ciencias Empresariales | 008050 | 658.11 MAX adm | 1008050 | 28/11/2013 | 11.94 | 28/11/2013 | 1- Monografias | ||||
| NULL | NULL | Dewey Decimal Classification | NULL | Prestable | NULL | NULL | Biblioteca Miguel de Cervantes - UNICAES | Biblioteca Miguel de Cervantes - UNICAES | Sala Principal | 28/07/2012 | Donación - Facultad de Ciencias Empresariales | 008051 | 2 | 658.11 MAX adm | 1008051 | 26/02/2016 | 22/02/2016 | 11.94 | 28/11/2013 | 1- Monografias | ||
| NULL | NULL | Dewey Decimal Classification | NULL | Prestable | NULL | NULL | Biblioteca Miguel de Cervantes - UNICAES | Biblioteca Miguel de Cervantes - UNICAES | Sala Principal | 15/01/2015 | Donación - Facultad de Ciencias Empresariales | 026828 | 1 | 658.11 MAX adm | 1027238 | 11/05/2016 | 08/04/2016 | 11.94 | 16/01/2015 | 1- Monografias | ||
| NULL | NULL | Dewey Decimal Classification | NULL | Prestable | NULL | NULL | Biblioteca Miguel de Cervantes - UNICAES | Biblioteca Miguel de Cervantes - UNICAES | Sala Principal | 10/01/2015 | Donación - Facultad de Ciencias Empresariales | 026829 | 658.11 MAX adm | 1027239 | 16/01/2015 | 11.94 | 16/01/2015 | 1- Monografias | ||||
| NULL | NULL | Dewey Decimal Classification | NULL | Prestable | NULL | NULL | Biblioteca Miguel de Cervantes - UNICAES | Biblioteca Miguel de Cervantes - UNICAES | Sala Principal | 16/01/2015 | Donación - Facultad de Ciencias Empresariales | 026830 | 4 | 1 | 658.11 MAX adm | 1027240 | 28/01/2019 | 26/01/2019 | 11.94 | 16/01/2015 | 1- Monografias |